LIBRARY & INFORMATION CENTRE, KCAET, TAVANUR

ONLINE PUBLIC ACCESS CATALOGUE (OPAC)

Bharatmala, Part 2 / (Record no. 4048)

MARC details
000 -LEADER
fixed length control field 00569cam a2200205ua 4500
041 ## - LANGUAGE CODE
Language code of text/sound track or separate title mal
082 ## - DEWEY DECIMAL CLASSIFICATION NUMBER
Classification number 894.8121
Item number SAN/BH
100 ## - MAIN ENTRY--AUTHOR NAME
Personal name Sankara Panikkar, Niranom .
245 ## - TITLE STATEMENT
Title Bharatmala, Part 2 /
250 ## - EDITION STATEMENT
Edition statement 1 /
260 ## - PUBLICATION, DISTRIBUTION, ETC. (IMPRINT)
Place of publication Thiruvananthapuram :
Name of publisher University Manuscripts Library ,
Year of publication 1954.
300 ## - PHYSICAL DESCRIPTION
Number of Pages 375 ; .
490 0# - SERIES STATEMENT
Series statement Malayalam Series,
Volume number/sequential designation 82
942 ## - ADDED ENTRY ELEMENTS (KOHA)
Koha item type Books
Holdings
Withdrawn status Lost status Damaged status Home library Current library Date acquired Full call number Accession Number Koha item type
Withdrawn     KAUAET Malayalam University 07/04/2012 894.8121 9490 Books
free website counter